|
|
|
|
| LEADER |
01836cas a2200241 a 4500 |
| 001 |
AALejournalIMF015282 |
| 008 |
230101c9999 xx r poo 0 0eng d |
| 020 |
|
|
|c 5.00 USD
|
| 020 |
|
|
|z 9781513546056
|
| 022 |
|
|
|a 1934-7685
|
| 040 |
|
|
|a BD-DhAAL
|c BD-DhAAL
|
| 110 |
2 |
|
|a International Monetary Fund.
|b European Dept.
|
| 245 |
1 |
0 |
|a Luxembourg :
|b Selected Issues.
|
| 264 |
|
1 |
|a Washington, D.C. :
|b International Monetary Fund,
|c 2015.
|
| 300 |
|
|
|a 1 online resource (28 pages)
|
| 490 |
1 |
|
|a IMF Staff Country Reports
|
| 500 |
|
|
|a <strong>Off-Campus Access:</strong> No User ID or Password Required
|
| 500 |
|
|
|a <strong>On-Campus Access:</strong> No User ID or Password Required
|
| 506 |
|
|
|a Electronic access restricted to authorized BRAC University faculty, staff and students
|
| 520 |
3 |
|
|a This Selected Issues paper considers features of the Luxembourg tax system that may be susceptible to changes in international tax transparency standards and surveys related policy options. Luxembourg's predictable and generally low-rate tax system has helped establish it as a leading financial and commercial entrepot and has supported its fiscal revenues. Its revenue base could, however, be susceptible to changes in the European Union and global tax environment. This paper highlights that to address potential challenges to Luxembourg's revenue base, the tax policy review should explore selective rate increases and base broadening measures. Moreover, the tax practices should seek to avoid encouraging unnecessary complexity in corporate ownership structures and intragroup financial contracts.
|
| 538 |
|
|
|a Mode of access: Internet
|
| 830 |
|
0 |
|a IMF Staff Country Reports; Country Report ;
|v No. 2015/145
|
| 856 |
4 |
0 |
|z Full text available on IMF
|u http://elibrary.imf.org/view/journals/002/2015/145/002.2015.issue-145-en.xml
|z IMF e-Library
|